| 000 | 00513nam a2200181Ia 4500 | ||
|---|---|---|---|
| 005 | 20250423095718.0 | ||
| 008 | 250422s9999 xx 000 0 und d | ||
| 020 | _a9789789538416 | ||
| 050 | _aHC 1055 .R55/ | ||
| 100 | _aRaw Materials Research and Development Council | ||
| 245 | 0 | _aIndustrialization of Nigeria: the way forward | |
| 260 | _aAbuja | ||
| 260 | _bRaw Materials Research and Development Council | ||
| 260 | _c2015 | ||
| 300 | _a475 p | ||
| 650 | _aIndustrialization--Nigeria. | ||
| 942 | _cBK | ||
| 999 |
_c31101 _d31101 |
||